[Event "12th Chennai Open 2020"]
[Site "Chennai"]
[Date "2020.01.19"]
[Round "1.1"]
[White "Ponkratov, Pavel"]
[Black "Kanishk S K"]
[Result "1-0"]
[WhiteElo "2622"]
[BlackElo "1703"]
[Annotator "TA"]
[PlyCount "57"]
[EventDate "2020.01.19"]
[EventType "swiss"]
[EventCountry "IND"]
[SourceTitle "playchess.com"]
[Source "ChessBase"]
[SourceQuality "1"]

{[%evp 10,57,43,41,45,25,47,38,56,51,77,71,64,52,64,69,103,95,88,107,102,104,114,102,109,110,143,23,36,25,34,15,8,0,0,0,0,0,108,116,352,337,818,813,1531,1504,1761,1601,29981,5465]} 1. c4 Nf6 2. Nc3 e5 3. Nf3 d6 4. d4 exd4 5. Nxd4 Be7 6. e4 O-O {A54: Old Indian Defence with Nf3, but without e4} 7. Bd3 a5 $146 ({Predecessor:} 7... Nc6 8. Nxc6 bxc6 9. O-O Be6 10. h3 Nd7 11. f4 Nc5 12. Be2 f5 13. exf5 Bxf5 14. Be3 Bf6 15. Qd2 Re8 16. Bf3 Ne4 17. Nxe4 Bxe4 {½-½ (37) Fingerov,D (2350)-Fridman,D (2592) chessassistantclub.com INT 2004}) 8. h3 Na6 {White is slightly better.} 9. Be3 Nc5 10. Bc2 Re8 11. Qf3 Be6 12. Qe2 Nfd7 13. O-O-O Bf6 14. f4 Bxd4 15. Rxd4 {Black must now prevent f5.} f6 16. g4 Bf7 17. Rg1 a4 {[%cal Ba5a4,Ba4a3][%mdl 32]} 18. g5 (18. h4 $16) 18... fxg5 $11 19. f5 Qf6 20. Rxg5 Ne5 21. Kb1 a3 {Strongly threatening ...axb2.} 22. b3 Nc6 23. Qd2 g6 (23... Re7 $11 {remains equal.}) 24. h4 Nd7 $2 {[#]} (24... Re5 $16 {was necessary.}) 25. e5 $1 $18 {[%cal Re5f6][%mdl 64] Deflection} Qxe5 $2 (25... Ndxe5 26. Rf4 Qg7) 26. fxg6 {[%mdl 64] Discovered Attack} Qxe3 27. gxf7+ Kxf7 28. Rf4+ Nf6 {[#]} 29. Rxf6+ $1 {[%mdl 576] Remove Defender. Accuracy: White = 71%, Black = 27%.} 1-0

[Event "12th Chennai Open 2020"]
[Site "Chennai"]
[Date "2020.01.19"]
[Round "1.2"]
[White "Swayham P Das"]
[Black "Martinez Alcantara, Jose Eduardo"]
[Result "0-1"]
[WhiteElo "1702"]
[BlackElo "2606"]
[Annotator "TA"]
[PlyCount "82"]
[EventDate "2020.01.19"]
[EventType "swiss"]
[EventCountry "IND"]
[SourceTitle "playchess.com"]
[Source "ChessBase"]
[SourceQuality "1"]

{[%evp 23,82,-13,0,-23,-3,-14,-19,-40,-56,-77,-61,-74,-57,-66,-55,-67,-56,-66,-69,-66,-66,-54,-54,-49,-34,-50,-49,-54,-37,-41,-12,-168,-90,-90,-62,-96,-85,-245,-257,-166,-74,-106,-96,-305,-308,-420,-462,-589,-589,-927,-848,-955,-955,-29986,-29987,-29985,-29986,-29992,-29993,-29998,-29999]} 1. e4 c5 2. Nf3 d6 3. d4 cxd4 4. Nxd4 Nf6 5. Nc3 a6 6. Be2 e5 7. Nb3 Be7 8. a4 Be6 9. O-O O-O 10. Kh1 Nc6 11. f4 exf4 12. Bxf4 Ne5 13. Nd4 {B92: Sicilian Najdorf: 6 Be2} Rc8 14. Nxe6 (14. Bg5 h6 15. Bh4 Re8 16. Nf5 Bxf5 17. Rxf5 Rxc3 18. Bxf6 Rc5 19. Bxe5 Rxe5 20. Rxe5 dxe5 21. Bc4 Qxd1+ 22. Rxd1 Rc8 23. Bb3 Kf8 24. g4 Rc7 25. Rd5 Bg5 26. Rd1 {½-½ (26) Kononenko,D (2430)-Borovikov,V (2595) Rivne 2005}) 14... fxe6 15. Bxe5 {The position is equal.} dxe5 16. Bg4 Rc6 $146 (16... Qb6 {keeps more tension.} 17. Qf3 Kh8 18. Rab1 Bc5 19. Bh3 Qc6) ({Predecessor:} 16... Qb6 17. Qf3 Bb4 18. Qh3 Rce8 19. Rab1 Bxc3 20. bxc3 Nxe4 21. Bxe6+ Kh8 22. Qh4 Nd2 23. Rxf8+ Rxf8 24. Rd1 Qxe6 25. Qb4 Qf5 26. h3 Ne4 {0-1 (26) Dalemans,D (1802)-Lach,A (2035) Herceg Novi 2008}) 17. Bf3 Qb6 18. Qc1 Qc7 19. Qb1 g6 20. Qa2 Kg7 21. Rac1 Bb4 22. Ne2 h5 23. c3 Bc5 24. b4 Be3 25. Rcd1 Rd6 26. Qb3 g5 {Hoping for ...g4.} 27. g3 $2 (27. c4 $11 Rxd1 28. Rxd1) 27... g4 (27... Ng4 $1 $19 {[%cal Rg4f2] aiming for ...Nf2+.} 28. Kg2 Nf2 $1 {[%mdl 512]} 29. Rxd6 Qxd6 30. Bxh5 g4) 28. Bg2 $17 Rfd8 29. Rxd6 Qxd6 30. Nc1 $2 {[#]} (30. a5 $17 {was necessary.}) 30... h4 $1 $19 {[%cal Rh4h3][%mdl 512]} 31. gxh4 {[#]} Rh8 (31... Nh5 $1 $19 {[%cal Rh5f4] and Black stays clearly on top. Strongly threatening ...Nf4.} 32. Qb2 Nf4) 32. c4 Bf4 $36 {[%mdl 2048] Black is on the roll.} 33. Nd3 $2 (33. c5 $17 {was called for.} Qd2 34. Qd1) 33... Rxh4 34. h3 Nh5 35. Nxf4 exf4 ({Weaker is} 35... Nxf4 36. Qd1 $17) 36. Rd1 Qe5 {...f3 is the strong threat.} 37. Qd3 f3 38. Bf1 Ng3+ {Black mates.} 39. Kg1 Nxe4 40. Qd7+ Kh6 41. Bd3 Qg3+ 0-1

[Event "12th Chennai Open 2020"]
[Site "Chennai"]
[Date "2020.01.19"]
[Round "1.3"]
[White "Pantsulaia, Levan"]
[Black "Sahib Singh"]
[Result "1-0"]
[WhiteElo "2598"]
[BlackElo "1699"]
[Annotator "RC"]
[PlyCount "81"]
[EventDate "2020.01.19"]
[EventType "swiss"]
[EventCountry "IND"]
[SourceTitle "playchess.com"]
[Source "ChessBase"]
[SourceQuality "1"]
[TimeControl "5400+30"]

1. c4 {[%emt 1:30:30]} e6 {[%emt 1:30:30]} 2. g3 {[%emt 0:00:30]} Nf6 {[%emt 0:00:30]} 3. Bg2 {[%emt 0:00:30]} d5 {[%emt 0:00:30]} 4. Nf3 {[%emt 0:00:30]} dxc4 {[%emt 0:00:30]} 5. O-O {[%emt 0:00:30]} Nc6 {[%emt 0:00:30]} 6. Qa4 {[%emt 0:00:30]} Bd7 {[%emt 0:00:30]} 7. Qxc4 {[%emt 0:00:30]} Bd6 {[%emt 0:00:30]} 8. d4 {[%emt 0:00:30]} Rb8 {[%emt 0:00:30]} 9. Nc3 O-O {[%emt 0:00:30]} 10. Rd1 b5 {[%emt 0:00:30]} 11. Qd3 b4 {[%emt 0:00:30]} 12. Ne4 Nxe4 13. Qxe4 Ne7 {[%emt 0:01:00]} 14. Qc2 a5 {[%emt 0:00:30]} 15. e4 {[%emt 0:03:30]} c6 {[%emt 0:00:30]} 16. e5 Bc7 {[%emt 0:00:30]} 17. Ng5 Ng6 18. Be4 h6 19. Nxf7 Rxf7 20. Bxg6 Rf8 21. Be3 Be8 22. Rac1 Rc8 23. Bxe8 Rxe8 24. Qxc6 Bb6 {[%emt 0:04:00]} 25. Qb5 Rxc1 26. Rxc1 Re7 27. Rc6 Bc7 28. Qc4 Qd7 29. Ra6 Kh7 30. Qc2+ g6 31. h4 h5 32. Bg5 Re8 33. Ra7 Rc8 34. Bf6 a4 35. b3 axb3 36. axb3 Qf7 37. Kh2 Kh6 38. Qc6 Kh7 39. Kg1 Kh6 40. Kg2 Kh7 41. Bd8 1-0

[Event "12th Chennai Open 2020"]
[Site "Chennai"]
[Date "2020.01.19"]
[Round "1.4"]
[White "Midilesh MS"]
[Black "Aleksandrov, Aleksej"]
[Result "0-1"]
[WhiteElo "1697"]
[BlackElo "2592"]
[Annotator "TA"]
[PlyCount "56"]
[EventDate "2020.01.19"]
[EventType "swiss"]
[EventCountry "IND"]
[SourceTitle "playchess.com"]
[Source "ChessBase"]
[SourceQuality "1"]

{[%evp 9,56,18,44,33,41,34,40,31,35,35,42,44,46,0,20,-15,-12,-27,-23,-26,-12,-121,-116,-112,-97,-138,-121,-331,-331,-331,-331,-323,-323,-404,-414,-405,-408,-506,-508,-572,-577,-919,-916,-912,-891,-1053,-912,-1030,-948]} 1. d4 Nf6 2. c4 e6 3. Nf3 d5 4. Nc3 dxc4 5. e4 b5 $146 (5... Bb4 6. Bg5 c5 7. Bxc4 cxd4 8. Nxd4 Bxc3+ 9. bxc3 Qa5 10. Bd2 O-O 11. Qe2 e5 12. Nb3 Qc7 13. O-O Bg4 14. f3 Rc8 15. Bd5 Nxd5 16. exd5 Bh5 17. c4 {1-0 (38) Carlsen,M (2845)-Aronian,L (2763) Karlsruhe/Baden Baden 2019}) 6. e5 {D24: Queen's Gambit Accepted: 3 Nf3 Nf6 4 Nc3} Nd5 7. Nxb5 Nb6 8. Be2 {White is slightly better.} Nc6 {[%cal Bb8c6,Bc6a5,Ba5b3][%mdl 32]} 9. O-O Be7 10. Be3 O-O 11. a4 Ba6 12. Na3 Na5 13. Qc2 Qd7 14. Nd2 {[%cal Ra3c4]} Nb3 15. Rae1 (15. Nxb3 $11 {remains equal.} cxb3 16. Qd2 Bxe2 17. Qxe2) 15... Bxa3 $17 ({Don't take} 15... Nxd4 16. Bxd4 Qxd4 17. Naxc4 $15) 16. bxa3 Qxa4 {[#] aiming for ...Nxd4!} ({But not} 16... Nxd4 17. Bxd4 Qxd4 18. a5 $15) 17. Qe4 Nd5 18. Nb1 $2 (18. Qc2 $17 {keeps fighting.}) 18... c3 $19 19. Bd3 Bxd3 20. Qxd3 Qa5 21. Bg5 c5 22. dxc5 Qxc5 23. Re4 Rfc8 {Black is clearly winning.} 24. Rh4 h6 {[%mdl 64] [#] Overworked Piece} 25. Rxh6 gxh6 26. Bxh6 Ne7 27. Qe4 Ng6 28. Qf3 Qxe5 {Accuracy: White = 29%, Black = 84%.} 0-1

[Event "12th Chennai Open 2020"]
[Site "Chennai"]
[Date "2020.01.19"]
[Round "1.5"]
[White "Goganov, Aleksey"]
[Black "Abhinav, Chakrapani Santhalay"]
[Result "1-0"]
[WhiteElo "2583"]
[BlackElo "1688"]
[Annotator "RC"]
[PlyCount "77"]
[EventDate "2020.01.19"]
[EventType "swiss"]
[EventCountry "IND"]
[SourceTitle "playchess.com"]
[Source "ChessBase"]
[SourceQuality "1"]
[TimeControl "5400+30"]

1. d4 {[%emt 0:00:00]} d5 {[%emt 0:00:00]} 2. c4 {[%emt 0:00:00]} e6 {[%emt 0:00:28]} 3. Nf3 {[%emt 0:00:00]} Nf6 {[%emt 0:01:27]} 4. g3 {[%emt 0:00:00]} dxc4 {[%emt 0:09:28]} 5. Bg2 {[%emt 0:00:00]} a6 {[%emt 0:04:13]} 6. O-O {[%emt 0:01:39]} Nc6 {[%emt 0:06:44]} 7. e3 {[%emt 0:00:28]} Bd7 {[%emt 0:02:54]} 8. Qe2 {[%emt 0:00:33]} b5 {[%emt 0:05:41]} 9. b3 {[%emt 0:00:25]} cxb3 {[%emt 0:04:01]} 10. axb3 {[%emt 0:00:07]} Bd6 {[%emt 0:07:38]} 11. Bb2 {[%emt 0:02:06]} O-O {[%emt 0:03:19]} 12. e4 {[%emt 0:02:35]} Be7 {[%emt 0:07:36]} 13. Nc3 {[%emt 0:02:33]} Nb4 {[%emt 0:08:07]} 14. Rfd1 {[%emt 0:05:20]} c6 {[%emt 0:11:49]} 15. Ne5 {[%emt 0:04:33]} Qc7 {[%emt 0:06:56]} 16. Rac1 {[%emt 0:00:32]} Rfd8 {[%emt 0:02:55]} 17. h4 {[%emt 1:17:39]} Be8 {[%emt 0:01:53]} 18. Ng4 {[%emt 0:00:00]} Qb6 {[%emt 0:07:28]} 19. Nxf6+ {[%emt 0:00:00]} Bxf6 {[%emt 0:00:16]} 20. e5 {[%emt 0:00:00]} Be7 {[%emt 0:00:20]} 21. Ne4 {[%emt 0:00:00]} a5 {[%emt 0:02:11]} 22. Qg4 {[%emt 0:00:00]} Nd5 {[%emt 0:01:32]} 23. Nc5 {[%emt 0:00:00]} Bxc5 {[%emt 0:02:51]} 24. dxc5 {[%emt 0:00:00]} Qb7 {[%emt 0:00:33]} 25. h5 {[%emt 0:00:00]} h6 {[%emt 0:00:48]} 26. Ra1 {[%emt 0:00:00]} a4 {[%emt 0:00:31]} 27. b4 {[%emt 0:00:00]} Ne7 {[%emt 0:00:57]} 28. Rd6 {[%emt 0:00:00]} Nf5 {[%emt 0:00:29]} 29. Ra3 {[%emt 0:00:00]} Qc7 {[%emt 0:00:51]} 30. Be4 {[%emt 0:00:00]} Ne7 {[%emt 0:00:29]} 31. Bc1 {[%emt 0:00:00]} Kh8 {[%emt 0:00:25]} 32. Bb1 {[%emt 0:00:00]} Bd7 {[%emt 0:00:36]} 33. Qe4 {[%emt 0:00:00]} g6 {[%emt 0:00:31]} 34. Bxh6 {[%emt 0:00:00]} Nf5 {[%emt 0:00:17]} 35. Bg5 {[%emt 0:00:00]} Re8 {[%emt 0:00:35]} 36. Bf6+ {[%emt 0:00:00]} Kh7 {[%emt 0:00:26]} 37. g4 {[%emt 0:00:00]} Ne7 {[%emt 0:00:13]} 38. hxg6+ {[%emt 0:00:00]} fxg6 {[%emt 0:00:17]} 39. Qh1+ {[%emt 0:00:00]} 1-0

[Event "12th Chennai Open 2020"]
[Site "Chennai"]
[Date "2020.01.19"]
[Round "1.6"]
[White "Rushyendra Chowdary Kantipudi"]
[Black "Mchedlishvili, Mikheil"]
[Result "0-1"]
[WhiteElo "1687"]
[BlackElo "2578"]
[Annotator "TA"]
[PlyCount "72"]
[EventDate "2020.01.19"]
[EventType "swiss"]
[EventCountry "IND"]
[SourceTitle "playchess.com"]
[Source "ChessBase"]
[SourceQuality "1"]

{[%evp 16,72,0,-28,0,-15,-14,-12,-13,-26,-6,-14,-25,-19,-17,-31,-36,-50,-61,-143,-118,-230,-109,-115,-136,-117,-76,-249,-240,-290,-289,-325,-324,-327,-311,-349,-344,-352,-343,-337,-323,-327,-314,-396,-396,-377,-377,-394,-361,-323,-362,-487,-489,-1239,-1237,-1183,-1108,-1057,-1047]} 1. e4 c5 2. Nf3 e6 3. d4 cxd4 4. Nxd4 Nc6 5. Be3 Nf6 6. Bd3 d5 7. exd5 Nxd5 8. Nxc6 bxc6 9. Bd2 Bd6 {B44: Sicilian: Taimanov: 5 Nb5} 10. Nc3 Rb8 $146 ({Predecessor:} 10... O-O 11. Ne4 Bc7 12. O-O f5 13. Ng5 e5 14. c4 Nb6 15. Be2 h6 16. Nf3 e4 17. Ne1 {0-1 (56) Ponomarenko,A (2240)-Alekseev,E (2636) Sochi 2016}) 11. Rb1 O-O {The position is equal.} 12. O-O e5 13. Qf3 f5 14. Bc4 Be6 $36 {[%mdl 2048] Black is pushing.} 15. Qe2 Kh8 16. Rfd1 e4 17. f3 ({White should play} 17. Re1 $15) 17... Qc7 18. g3 {[#]} (18. Kh1 $17) 18... Nxc3 (18... exf3 $1 $19 19. Qxe6 Bxg3 20. Bxd5 (20. Nxd5 $2 cxd5 21. Bc3 Bxh2+ 22. Kh1 Qg3 $19) 20... cxd5) 19. Bxc3 $17 Bxc4 20. Qxc4 exf3 {Threatens to win with ...Bxg3!} 21. Qd3 $2 {[#]} (21. Rd2 $17 {might work better.}) 21... Bxg3 $1 $19 {[%mdl 512]} 22. Qxf3 (22. hxg3 Qxg3+) 22... Bxh2+ 23. Kh1 Be5 24. Bxe5 Qxe5 25. c3 Rf6 {White must now prevent ...Rh6+.} 26. Rd2 Rh6+ 27. Kg1 Rg6+ 28. Rg2 Qc5+ 29. Qf2 Rxg2+ 30. Kxg2 {[%mdl 4096] Endgame KQR-KQR} Qd5+ 31. Kg1 Qxa2 32. Qxf5 h6 {Hoping for ...Rb5!} 33. Qg6 Rf8 {Black is clearly winning.} 34. Qd3 (34. Re1 $142 Qxb2 35. Re8 Qf2+ 36. Kh1) 34... Qf7 {( -> ...Qf2+)} 35. Qg3 Qf5 36. Re1 Rf6 {Accuracy: White = 32%, Black = 71%.} 0-1

[Event "12th Chennai Open 2020"]
[Site "Chennai"]
[Date "2020.01.19"]
[Round "1.7"]
[White "Rozum, Ivan"]
[Black "Tiwari Vivek"]
[Result "1-0"]
[WhiteElo "2573"]
[BlackElo "1685"]
[Annotator "TA"]
[PlyCount "58"]
[EventDate "2020.01.19"]
[EventType "swiss"]
[EventCountry "IND"]
[SourceTitle "playchess.com"]
[Source "ChessBase"]
[SourceQuality "1"]

{[%evp 9,58,25,38,34,38,33,42,35,40,33,31,0,39,28,49,32,37,28,50,-55,52,30,139,131,174,173,167,171,172,149,168,163,257,138,224,225,618,602,643,645,837,836,1458,1452,1364,1233,1271,1239,1981,2001,2054]} 1. d4 d5 2. c4 c6 3. Nf3 Nf6 4. e3 a6 5. Nc3 Bf5 6. c5 {D15: Slav Defence: 4 Nc3 a6 and gambit lines after 4 Nc3 dxc4} (6. Bd2 e6 7. Nh4 Be4 8. f3 Bg6 9. Nxg6 hxg6 10. Qb3 b5 11. cxd5 cxd5 12. Rc1 Bd6 13. a4 b4 {½-½ (47) Ding,L (2811)-Shankland,S (2705) chess.com INT 2019}) 6... Nbd7 7. Nh4 Bg6 8. Nxg6 {White is slightly better.} hxg6 9. b4 $146 ({Predecessor:} 9. f4 e6 10. Bd3 Qc7 11. Bd2 Be7 12. Qe2 a5 13. Rc1 Nh5 {1-0 (41) Xu,Z (2308)-Manush,S (2353) Backi Petrovac 2018}) 9... e5 10. g3 e4 11. f3 exf3 12. Qxf3 Be7 13. Bd3 O-O 14. Bd2 (14. a4 $14) 14... b5 ({Better is} 14... a5 $15 15. bxa5 Rxa5) 15. a4 Qc7 (15... a5 $11) 16. O-O $16 Nh7 17. axb5 Ng5 18. Qg2 $1 axb5 {[#]} 19. Rxa8 $1 Rxa8 {[#]} 20. Bxb5 $1 {[%mdl 512]} Ra3 {[#]} (20... Nf6 $142) (20... cxb5 21. Nxd5) 21. Bd3 (21. Nxd5 $1 $18 {[%mdl 512]} cxd5 22. Qxd5) 21... Nf6 (21... Qd8 $16 {was necessary.} 22. h4 Ne6) 22. b5 $18 Rxc3 $2 (22... Qc8 23. b6 Ng4) 23. b6 {White is clearly winning.} Qd7 24. Bxc3 Nge4 25. Qb2 {And now b7 would win.} Qh3 26. b7 Nd7 27. b8=Q+ Nxb8 28. Qxb8+ Bf8 29. Bxe4 dxe4 {Accuracy: White = 73%, Black = 16%.} 1-0

[Event "12th Chennai Open 2020"]
[Site "Chennai"]
[Date "2020.01.19"]
[Round "1.8"]
[White "Hermon Dain Saldanha"]
[Black "Bogdanovich, Stanislav"]
[Result "0-1"]
[WhiteElo "1683"]
[BlackElo "2562"]
[Annotator "TA"]
[PlyCount "32"]
[EventDate "2020.01.19"]
[EventType "swiss"]
[EventCountry "IND"]
[SourceTitle "playchess.com"]
[Source "ChessBase"]
[SourceQuality "1"]

{[%evp 12,68,44,44,47,0,0,-18,-20,-22,-18,-81,-81,-80,-92,-156,-157,-162,-172,-215,-198,-164,-131,-195,-209,-210,-124,-280,-284,-435,-437,-422,-424,-430,-419,-735,-722,-662,-575,-573,-558,-551,-514,-1030,-1007,-960,-755,-788,-781,-772,-772,-756,-710,-837,-845,-841,-820,-815,-812]} 1. e4 g6 2. d4 Bg7 3. Nc3 d6 4. Be3 a6 5. Qd2 b5 6. f3 Nd7 7. O-O-O Nb6 {B06: Modern Defence} (7... Bb7 8. Kb1 Rc8 9. h4 h6 10. Nh3 Nb6 11. Bd3 Nf6 12. Nf4 Nfd7 13. e5 e6 14. d5 Nxd5 15. Ncxd5 Bxd5 16. Nxd5 exd5 17. exd6 {1-0 (77) Ponkratov,P (2613)-Petrosian,T (2671) Moscow 2015}) 8. g4 b4 9. Nd5 Nxd5 {The position is equal.} 10. exd5 Nf6 $146 ({Predecessor:} 10... a5 11. Bc4 Ba6 12. Qd3 Bxc4 13. Qxc4 Nf6 14. Ne2 Nd7 15. g5 {0-1 (45) Lobato Palomo,M (1655)-Largo Barbero,B (1933) Madrid 2017}) 11. Bh6 (11. Bc4 $11 {keeps the balance.}) 11... Bxh6 $17 12. Qxh6 Bb7 13. g5 ({White should try} 13. Nh3) 13... Nxd5 14. Qg7 Rf8 15. Re1 e6 16. Nh3 {[#]} Qd7 {Played: Nd5-f4} 0-1

[Event "12th Chennai Open 2020"]
[Site "Chennai"]
[Date "2020.01.19"]
[Round "1.9"]
[White "David, Alberto"]
[Black "Rebecca Jesumarian"]
[Result "1-0"]
[WhiteElo "2562"]
[BlackElo "1674"]
[Annotator "TA"]
[PlyCount "49"]
[EventDate "2020.01.19"]
[EventType "swiss"]
[EventCountry "IND"]
[SourceTitle "playchess.com"]
[Source "ChessBase"]
[SourceQuality "1"]

{[%evp 16,48,0,-2,0,0,31,31,79,87,92,89,85,77,72,81,91,84,889,854,1668,1658,29992,29993,29993,29994,29994,29995,29995,29996,29996,29997,29998,29999,29999]} 1. e4 e6 2. d3 d5 3. Qe2 Nf6 4. Nf3 Be7 5. g3 O-O 6. Bg2 c5 7. O-O Nc6 8. e5 Nd7 9. c4 Qc7 {C00: French: Unusual White 2nd moves} (9... d4 10. Re1 Rb8 11. h4 b5 12. cxb5 Rxb5 13. Na3 Rb8 14. Nc4 Nb6 15. b3 Nxc4 16. bxc4 Rb6 17. Ng5 {1-0 (32) Carlsen,M (2837)-Ding,L (2774) Saint Louis 2017}) 10. Bf4 {And now cxd5 would win.} Nb6 11. Nc3 dxc4 $146 {White is slightly better.} ({Predecessor:} 11... Nd4 12. Nxd4 cxd4 13. Nb5 Qd7 14. Rfd1 Bc5 15. a4 a6 16. Nd6 f6 17. Nxc8 Raxc8 {1-0 (25) Djingarova,E (2253)-Neto,J Metz 2001}) 12. dxc4 Nd4 13. Nxd4 cxd4 14. Ne4 $36 {[%mdl 2048] White is in control.} Qxc4 15. Qg4 {aiming for Bh6!} Kh8 16. Qh5 f6 $2 {[%mdl 8192]} (16... Nd5 $16) 17. exf6 $18 Bxf6 18. Nxf6 gxf6 {[#]} 19. Be4 $1 {[%csl Ge4][%cal Rh5h7][%mdl 512] White mates.} f5 20. Be5+ Kg8 {[#]} 21. Bf3 $1 {[%mdl 512]} Rf6 22. Bxf6 {[%cal Rh5e8]} Kf8 23. Qxh7 Qb4 24. Qg7+ Ke8 25. Bh5# 1-0

[Event "12th Chennai Open 2020"]
[Site "Chennai"]
[Date "2020.01.19"]
[Round "1.10"]
[White "Krishan A"]
[Black "Fedorov, Alexei"]
[Result "0-1"]
[WhiteElo "1672"]
[BlackElo "2562"]
[Annotator "TA"]
[PlyCount "62"]
[EventDate "2020.01.19"]
[EventType "swiss"]
[EventCountry "IND"]
[SourceTitle "playchess.com"]
[Source "ChessBase"]
[SourceQuality "1"]

{[%evp 15,86,38,75,44,47,8,24,25,16,0,3,9,15,0,0,-11,-7,-21,-7,-18,-4,-12,38,-254,-262,-259,-272,-372,-367,-440,-434,-451,-449,-416,-318,-433,-329,-342,-337,-321,-313,-529,-510,-492,-526,-503,-529,-510,-504,-469,-486,-498,-490,-618,-589,-670,-685,-732,-732,-710,-694,-690,-612,-6426,-4449,-3117,-2992,-29982,-29983,-29983,-29984,-29983,-29984]} 1. e4 c5 2. Nf3 Nc6 3. d4 cxd4 4. Nxd4 Qb6 5. Nb3 Nf6 6. Nc3 e6 7. Be3 Qc7 8. a3 d6 9. Be2 {B33: Sicilian: Pelikan and Sveshnikov Variations} a6 10. O-O b5 11. f4 {White has an edge.} Be7 12. Qe1 O-O 13. Qg3 (13. Nd4 Bb7 14. Qg3 Kh8 15. Nxc6 Bxc6 16. Bd4 Rad8 17. Bf3 Rg8 18. Rad1 {0-1 (40) Plat,V (2522)-Movsesian,S (2680) Minsk 2017}) 13... Bb7 14. f5 Kh8 15. Rad1 Rae8 $146 ({Predecessor:} 15... b4 16. axb4 Nxb4 17. fxe6 Nxc2 18. Bc5 Bxe4 19. Rxf6 Bxf6 20. Nxe4 {1-0 (32) Acosta Cubides,J (1901)-Romero Martinez,F (2120) Mosquera 2014}) 16. Nc5 Ne5 {[%cal Bc6e5,Be5c4,Bc4b2][%mdl 32] Hoping for ...b4.} 17. Bd4 Bc8 18. Nd3 (18. Kh1 {looks sharper.} exf5 19. exf5 Rg8 20. Qf4 Bd8 21. N5e4) 18... Nc4 {...e5 is the strong threat.} 19. Ne1 $2 {[%mdl 8192]} (19. fxe6 $1 $14 {stays ahead.} fxe6 20. e5 dxe5 21. Nxe5) 19... e5 $19 20. Bf2 {and the idea Bxc4 leaves White hopeful.} Nxb2 21. Rd2 Bb7 22. Qf3 Rc8 23. Nd5 Bxd5 24. exd5 Qc3 25. Be3 e4 26. Qf4 Nc4 ({Resist} 26... Qxa3 27. g4 $19) 27. Bxc4 Rxc4 ({Don't do} 27... Qxc4 28. Bd4 $19) 28. h3 $2 (28. g3) 28... Nh5 29. Qf2 {[#]} Bh4 $1 {[%mdl 576] Deflection} 30. Qxh4 Qxe3+ 31. Rdf2 Nf6 {Played: Nh5-g3} 0-1

[Event "12th Chennai Open 2020"]
[Site "Chennai"]
[Date "2020.01.19"]
[Round "1.11"]
[White "Visakh N R"]
[Black "Pathak Rudra S"]
[Result "1-0"]
[WhiteElo "2518"]
[BlackElo "1672"]
[Annotator "TA RC"]
[PlyCount "103"]
[EventDate "2020.01.19"]
[EventType "swiss"]
[EventCountry "IND"]
[SourceTitle "playchess.com"]
[Source "ChessBase"]
[SourceQuality "1"]

{[%evp 12,109,57,53,72,71,78,68,64,67,76,65,64,50,48,47,58,41,50,38,46,31,33,29,37,0,0,14,0,0,0,-9,0,-7,-7,-10,-6,-178,-177,-276,-282,-279,-259,-271,-264,-256,0,-210,0,0,145,138,451,447,425,402,396,381,357,268,290,302,304,259,315,335,291,258,493,491,485,436,799,619,859,859,806,763,686,652,1712,1587,1872,1593,1829,653,1339,1248,12842,12843,12843,12843,12843,12841,12845,12846,12846,12847,12847,12847]} 1. e4 c5 2. Nf3 d6 3. d4 cxd4 4. Nxd4 a6 5. c4 Nc6 6. Nc3 Nf6 7. Be2 e5 {B28: Sicilian: 2 Nf3 a6 (O'Kelly Variation)} (7... g6 8. Be3 Nxd4 9. Bxd4 Bg7 10. Nd5 Nxd5 11. Bxg7 Qa5+ 12. Qd2 Qxd2+ 13. Kxd2 Rg8 14. Bd4 Nf4 15. Bf1 g5 {½-½ (31) Kasimdzhanov,R (2662)-Galego,L (2471) Batumi 2018}) 8. Nc2 Be6 9. Be3 Be7 {White is slightly better.} 10. O-O O-O 11. f3 Ne8 12. Nd5 Bg5 13. Bb6 $146 ({Predecessor:} 13. Bf2 f5 14. exf5 Bxf5 {1-0 (61) Mohr,G (2473)-Lojek,M (2069) Katowice 2017}) 13... Qd7 14. Bf2 {Black must now prevent Nb6.} Rb8 15. b4 f5 16. a4 fxe4 17. fxe4 Nf6 18. Qd3 Nxe4 19. Qxe4 Bf5 20. Nb6 Qf7 ({But not} 20... Bxe4 $6 21. Nxd7 Bxc2 22. Nxf8 $16 (22. Nxb8 Rxb8 23. c5 d5 $16)) 21. Qd5 {Hoping for b5.} Bxc2 22. Nd7 {And now Bg4 would win.} Qxd5 23. cxd5 Nd4 24. Bg4 $2 (24. Bxd4 $1 $11 {and White has nothing to worry.} exd4 25. Rxf8+ Rxf8 26. Nxf8 Kxf8 27. Kf2) 24... Rf4 $19 25. Nxb8 (25. Be6+ $142 Nxe6 {[%mdl 64] Discovered Attack} 26. Nxb8) 25... Rxg4 26. Bxd4 exd4 ({Weaker is} 26... Rxd4 27. Nd7 $17) 27. Nd7 {[%csl Gd7][%cal Rf1f8]} Be3+ 28. Kh1 {[%csl Gd7][%cal Rf1f8]} h6 $2 (28... h5 $1 $19 {Strongly threatening ...d3.} 29. h3 Rf4 30. Rxf4 Bxf4) 29. Rf8+ $11 Kh7 {[%mdl 1024] Black has strong compensation.} 30. h3 $36 {[%mdl 2048] White has some pressure.} Rg5 {[#]} (30... Rf4 $11 31. Rc8 d3 32. Nf8+ Rxf8 $1 {[%mdl 512]} 33. Rxf8 d2) 31. Rc8 $1 $16 {aiming for Nf8+.} Bf5 $2 {[%mdl 8192]} (31... d3 $16) 32. Nf8+ $18 Kg8 33. Ne6+ {[%mdl 64] Discovered Attack} Kh7 34. Nxg5+ hxg5 35. Re8 Bd2 36. Rf1 Bg6 37. Re7 Bxb4 38. Rxb7 Bc5 39. Rc7 Bb4 $2 (39... Bc2 40. Rxc5 dxc5) 40. Rc4 {White is clearly winning.} Bc3 {If only Black now had time for ...Bd3....} 41. Rd1 Bf5 (41... Kg8 $142 42. a5 Bh5) 42. Rdxd4 Bxd4 43. Rxd4 {[%mdl 4096] Endgame KR-KB} Kg6 44. Rb4 Kf6 45. Rb6 Ke5 46. Rxa6 Be4 47. Ra7 g6 48. a5 (48. Rc7 $142 Kxd5 49. a5) 48... Kxd5 49. Rc7 Ke6 50. a6 d5 51. Rc6+ Kd7 {[#]} 52. Rb6 {Played: a6-a7} 1-0